Statistics for panic! at the disco lyrics (very very hard)

Click here to take the quiz!

General Stats

  • This quiz has been taken 22 times
  • The average score is 8 of 14

Answer Stats

hintanswer% Correct
please, leave all over coats, ____ and top hats with the doormancanes
94%
the high rise lights that read your rights, and a downtown storm with ____ risingaries
82%
just stay where I can see you, ____ the lights!douse
82%
you remind me of a few of my _____ friends, well, that all depends what you qualify as friendsfamous
82%
time can never break your ___ but it'll take the pain awayheart
82%
spark your heels up against the ___ fence I builtpicket
71%
it's almost like I found a friend, who's in it for the ____ endbitter
65%
endless romantic stories, you never could ____ mecontrol
65%
is there a heart inside the night? i can feel its ____ signsvital
47%
a fire in a ____ to keep us warmflask
41%
i'll be waiting at the start of your ____ , when you turn it back aroundlife
35%
i feel _____ in this body. deserted, my organs can go on without memarooned
35%
she came here to _______ you, you'll fall hard into her charmentertain
29%
every day you're thirsty, _____ high sip up 'til you're tipsy, night's youngbourbon
18%

Score Distribution

Percentile by Number Answered

Percent of People with Each Score

Your Score History

You have not taken this quiz